logo

Bir Sreshtho Munshi Abdur Rouf Library
Jhenaidah Cadet College

মাইক্রোসফট এ্যাক্‌সেস্‌ ২০১৩,১০,০৭ / (Record no. 12155)

MARC details
000 -LEADER
fixed length control field 00831nam a2200229 a 4500
001 - CONTROL NUMBER
JCCL Control Number 12155
003 - CONTROL NUMBER IDENTIFIER
JCCL marc code BD-JhCC
005 - DATE AND TIME OF LATEST TRANSACTION
control field 20210321132820.0
008 - FIXED-LENGTH DATA ELEMENTS--GENERAL INFORMATION
fixed length control field 210321b 2015bg a|||| ||a| 000 0 mul d
020 ## - INTERNATIONAL STANDARD BOOK NUMBER
International Standard Book Number 9847027700558
035 ## - SYSTEM CONTROL NUMBER
system control number (BD-JhCC)12155
040 ## - CATALOGING SOURCE
Original cataloging agency BD-JhCC
Modifying agency BD-JhCC
041 ## - LANGUAGE CODE
Language code of Book mul
082 ## - DEWEY DECIMAL CLASSIFICATION NUMBER
Classification number 005.7565
Author mark and Year MIC 2015
110 ## - MAIN ENTRY--CORPORATE NAME
Corporate name or jurisdiction name as entry element বুক বিডি সিরিজ
245 ## - TITLE STATEMENT
Title মাইক্রোসফট এ্যাক্‌সেস্‌ ২০১৩,১০,০৭ /
Statement of responsibility, etc বুক বিডি সিরিজ
260 ## - PUBLICATION, DISTRIBUTION, ETC. (IMPRINT)
Place of publication, distribution, etc ঢাকা :
Name of publisher, distributor, etc জ্ঞানকোষ প্রকাশনী,
Date of publication, distribution, etc ২০১৫.
300 ## - PHYSICAL DESCRIPTION
Pagination ৪৪৩ পৃ. :
Other physical details চিত্রাবলী ;
Dimensions ২৪ সে.মি.
710 ## - ADDED ENTRY--CORPORATE NAME
Corporate name or jurisdiction name as entry element বুক বিডি সিরিজ
942 ## - ADDED ENTRY ELEMENTS (KOHA)
Source of classification or shelving scheme Dewey Decimal Classification
Koha item type Books
Holdings
Source of classification or shelving scheme Damaged status Not for loan Home library Current library Shelving location Date of accession Cost, normal purchase price Total Checkouts Full call number Barcode Date last seen Copy number Koha item type
Dewey Decimal Classification     JCC Rouf Library JCC Rouf Library General Stacks 03/21/2021 285.00   005.7565 MIC 2015 16073 03/21/2021 C-1 Books

JCC Library | Contacts | JCC Home

Last Update on 23 September 2017
Copyright @ 2017-2020 JCC Rouf Library
Rouf Library, Jhenidah Cadet College (JCC), Bangladesh